| 000 | nam a22 7a 4500 | ||
|---|---|---|---|
| 999 |
_c127547 _d127547 |
||
| 008 | 180226b xxu||||| |||| 00| 0 eng d | ||
| 050 | _aGN738.F8 1966 | ||
| 100 |
_aFuron, Raymond _939530 |
||
| 245 |
_aManuel de prehistoire generale _bgeologie et biogeographie - evolution de l'humanite - archeologie prehistorique - les metaux et la protohistoire _cRaymond Furon |
||
| 250 | _aRev. ed. | ||
| 260 |
_aParis _bPayot _c1966 |
||
| 300 |
_a498p. ; _c23cm. |
||
| 650 |
_aAnthropology, prehistoric _939531 |
||
| 650 |
_aMan, prehistoric _921549 |
||
| 650 |
_aArchaeology _921550 |
||
| 942 |
_2lcc _cMONOGRAPH |
||